000 00656nam a2200253Ia 4500
001 Z_3636
003 CHAP
008 220113s1980 xx 000 0 und d
010 _a166718
040 _cCHAP
082 _a636.085213 N4y
245 _aNecesidades nutritivas del ganado vacuno de carne
260 _aBuenos Aires :
_bHemisferio Sur,
_c1980
300 _a80 p.
500 _aTrad. De : la 5 ed. En inglés
650 _aAlimentos y alimentación del ganado I.t.
_9137350
650 _aGanado de carne
_xAlimentación
_945068
901 _a636.085213 N4Y
902 _aM
910 _a1980
942 _c1
942 _cc1
999 _c166718
_d166718